LEADER 00950nam1 2200337 4500 001 990000912270203316 035 $a0091227 035 $aUSA010091227 035 $a(ALEPH)000091227USA01 035 $a0091227 100 $a20020128d1976----km-y0ENGy0103----ba 101 $aeng 102 $aGB 200 1 $a<> history of modern poetry$fDavid Perkins 210 $aCambridge$cHarvard university press$dc1976-1987 215 $a2 v.$d22 cm 410 $12001 606 $aPoesia inglese$zSec. 19.-20. 676 $a821.809 700 1$aPERKINS,$bDavid$0458138 801 0$aIT$bsalbc$gISBD 912 $a990000912270203316 951 $aII i B 1267$bLM$cII i B 959 $aBK 969 $aUMA 979 $aPATTY$b90$c20020128$lUSA01$h1310 979 $aPATTY$b90$c20020128$lUSA01$h1310 979 $c20020403$lUSA01$h1735 979 $aPATRY$b90$c20040406$lUSA01$h1703 996 $aHistory of modern poetry$9971178 997 $aUNISA LEADER 02675oam 2200637I 450 001 9910777382003321 005 20230421041815.0 010 $a1-134-80370-2 010 $a1-134-80371-0 010 $a1-280-15023-8 010 $a0-203-97640-1 024 7 $a10.4324/9780203976401 035 $a(CKB)1000000000000394 035 $a(EBL)235059 035 $a(OCoLC)275283773 035 $a(SSID)ssj0000097306 035 $a(PQKBManifestationID)11121652 035 $a(PQKBTitleCode)TC0000097306 035 $a(PQKBWorkID)10114485 035 $a(PQKB)11556355 035 $a(MiAaPQ)EBC235059 035 $a(Au-PeEL)EBL235059 035 $a(CaPaEBR)ebr10017313 035 $a(CaONFJC)MIL15023 035 $a(OCoLC)936903387 035 $a(OCoLC)232161303 035 $a(EXLCZ)991000000000000394 100 $a20180331d1995 uy 0 101 0 $aeng 135 $aurcn||||||||| 181 $ctxt 182 $cc 183 $acr 200 10$aAdjustment and poverty $eoptions and choices /$fFrances Stewart 210 1$aLondon ;$aNew York :$cRoutledge,$d1995. 215 $a1 online resource (266 p.) 225 1 $aPriorities for development economics 300 $aDescription based upon print version of record. 311 $a0-415-09134-9 311 $a0-415-12436-0 320 $aIncludes bibliographical references (p. [217]-231) and index. 327 $aPreliminaries; Contents; List of diagrams charts and tables; Series editor's preface; Preface; 1 Introduction; 2 The impact of macro-adjustment policies on the incomes of the poor-a review of alternative approaches; 3 Meso policy choices and the poor; 4 Food subsidies: two errors of targeting; 5 Adjustment and social funds; 6 Structural adjustment policies and the poor in Africa; 7 The Latin American and Caribbean story; 8 Conclusions; Bibliography; Index; 330 $aThe oil crisis of the 1970's and the recession of the 1980's set in motion a chain of events which had particularly serious consequences for the developing countries. In this text, the author examines the major causes and results of the situation, focusing mainly on Africa and Latin America. 410 0$aPriorities for development economics. 606 $aStructural adjustment (Economic policy)$zDeveloping countries 606 $aPoverty$zDeveloping countries 615 0$aStructural adjustment (Economic policy) 615 0$aPoverty 676 $a338.9/0091722 700 $aStewart$b Frances$f1940,$01540344 801 0$bFlBoTFG 801 1$bFlBoTFG 906 $aBOOK 912 $a9910777382003321 996 $aAdjustment and poverty$93791930 997 $aUNINA